00213nam a22000977a 4500003000400000082001700004100001700021245004300038260002600081300000800107SGT a616.89bM13B aBARKER, MEG  aMINDFUL COUNSELLING AND PSYCHOTHERAPY  aANGELES bSAGE c2013 a207